00000000nam##2200000za#4500
0019.571243
003CaOODSP
00520210624182630
007cr |||||||||||
008150406|1995||||xxc|||||o    f|0| 0 eng|d
040 |aCaOODSP|beng
043 |an-cn---
0861 |aEn1-17/20-1995E-PDF
1101 |aCanada.|bEnvironment Canada. |bTechnology Development Section.
24510|aIndustrial wastewater. Technological adaptation of a dissolved-air flotation unit for clarifying effluents from de-inking plants |h[electronic resource]
260 |aMontreal - Quebec : |bEnvironment Canada. |cMarch 1995.
300 |a4p.|bfig., tables
4901 |aSt. Lawrence technologies
500 |a"This project was also funded by the ministère de l'Environnement et de la Faune du Québec"--p.4 of 4.
590 |a12-02-Supp|b2012-01-20
69007|aDecontamination|2gcpds
69007|aIndustrial waste|2gcpds
69007|aPulp and paper industry|2gcpds
77508|tEaux usées industrielles. Adaptation technologique d'une unité de flottation à air dissous pour la clarification d'effluents d'usines de désencrage |w(CaOODSP)9.601864
7760#|tIndustrial wastewater: technological adaptation of a dissolved-air flotation unit for clarifying effluents from de-inking plants / |w(CaOODSP)9.612481
830#0|aSt. Lawrence technologies.|w(CaOODSP)9.504441
85640|ahttp://publications.gc.ca|qPDF|s425 KB|uhttps://publications.gc.ca/collections/Collection/En1-17-20-1995E.pdf